|
|
|
|
| LEADER |
00000nam0a2200000 4500 |
| 001 |
123683 |
| 005 |
20231031130608.0 |
| 035 |
|
|
|a (RuTPU)RU\TPU\book\133871
|
| 090 |
|
|
|a 123683
|
| 100 |
|
|
|a 20071023d1964 km y0rusy50 ca
|
| 101 |
0 |
|
|a rus
|
| 102 |
|
|
|a RU
|
| 105 |
|
|
|a a z 001zy
|
| 200 |
1 |
|
|a Планета Земля... что мы знаем о ней
|f Н. В. Шебалин
|
| 210 |
|
|
|a Москва
|c Воениздат
|d 1964
|
| 215 |
|
|
|a 120 с.
|c ил.
|
| 225 |
1 |
|
|a Научно-популярная библиотека
|
| 320 |
|
|
|a Библиогр.: с. 113-114.
|
| 610 |
1 |
|
|a геология
|
| 610 |
1 |
|
|a геофизика
|
| 610 |
1 |
|
|a Земля
|
| 610 |
1 |
|
|a волны
|
| 610 |
1 |
|
|a сейсмическая активность
|
| 610 |
1 |
|
|a землетрясения
|
| 610 |
1 |
|
|a мантия
|
| 675 |
|
|
|a 55.03
|v 3
|
| 700 |
|
1 |
|a Шебалин
|b Н. В.
|g Николай Виссарионович
|
| 801 |
|
1 |
|a RU
|b 63413507
|c 20071023
|g PSBO
|
| 801 |
|
2 |
|a RU
|b 63413507
|c 20080520
|g PSBO
|
| 942 |
|
|
|c BK
|